Historia de la Escuela de Medicina de la Universidad Autónoma de San Luis Potosi, S.L.P. (mexico), 1877-1977 (Record no. 9569)

MARC details
000 -CABECERA
campo de control de longitud fija 00767nam a2200217 a 4500
001 - NÚMERO DE CONTROL
campo de control BRL_757
005 - FECHA Y HORA DE LA ÚLTIMA TRANSACCIÓN
campo de control 20190320210900.0
008 - DATOS DE LONGITUD FIJA--INFORMACIÓN GENERAL
campo de control de longitud fija 021013s1976----mx-a######---#000-0#spa-#
041 ## - CÓDIGO DE LENGUA
Código de lengua del texto/banda sonora o título independiente spa
044 ## - CÓDIGO DEL PAÍS DE LA ENTIDAD EDITORA/PRODUCTORA
Código MARC del país mx
084 ## - OTRO NÚMERO DE CLASIFICACIÓN
Número de clasificación R751.U54
Número de documento/Ítem .A53 1976
100 1# - ENTRADA PRINCIPAL--NOMBRE DE PERSONA
Nombre de persona Alcocer Andalón, Alberto
Fechas asociadas al nombre 1932-1987
9 (RLIN) 24850
245 10 - MENCIÓN DE TÍTULO
Título Historia de la Escuela de Medicina de la Universidad Autónoma de San Luis Potosi, S.L.P. (mexico), 1877-1977
Mención de responsabilidad, etc. Alberto Alcocer Andalón.
260 ## - PUBLICACIÓN, DISTRIBUCIÓN, ETC.
Lugar de publicación, distribución, etc. San Luis Potosí
Nombre del editor, distribuidor, etc. ACONCAGUA
Fecha de publicación, distribución, etc. 1976
300 ## - DESCRIPCIÓN FÍSICA
Extensión 109 p.
Otras características físicas il.
Dimensiones 23 cm.
440 #0 - MENCIÓN DE SERIE/PUNTO DE ACCESO ADICIONAL--TÍTULO
Título Biblioteca de Historia Potosina. Serie Estudios
Designación de volumen o secuencia 16
9 (RLIN) 24851
500 ## - NOTA GENERAL
Nota general Au836
610 24 - PUNTO DE ACCESO ADICIONAL DE MATERIA--NOMBRE DE ENTIDAD CORPORATIVA
Nombre de entidad corporativa o nombre de jurisdicción como elemento de entrada Universidad Autoìnoma de San Luis Potosiì
Unidad subordinada Escuela de Medicina
Subdivisión general Historia
9 (RLIN) 24852
902 ## - CATALOGADOR
Iniciales GRL
942 ## - ELEMENTOS DE PUNTO DE ACCESO ADICIONAL (KOHA)
Fuente del sistema de clasificación o colocación Library of Congress Classification
Tipo de ítem Koha Libros
Holdings
Estado de retiro Estado de pérdida Estado dañado No para préstamo Localización permanente Ubicación/localización actual Fecha de adquisición Número de inventario Total de préstamos Signatura topográfica completa Código de barras Fecha visto por última vez Precio válido a partir de Tipo de ítem Koha
El ejemplar forma parte de la colección y puede ser consultado según las políticas vigentes.       Biblioteca Centro de Estudios Ruth D. Lechuga Biblioteca Centro de Estudios Ruth D. Lechuga 02/10/2013 Au836   R751.U54 .A53 1976 (Au836) GRL00828 22/03/2019 22/03/2019 Libros